000
00265nam a22001217a 4500
082
_a
621.381 CHU'E
100
_a
CHUTS, G. M
_9
56910
245
_a
ELECTRONICS IN INDUSTRY
250
_a
3RD
260
_a
NEWYORK
_b
MCGRAW HILL
_c
1965
300
_a
598P
942
_c
BK
999
_c
567231
_d
567231